Statistiques concernant Un pays par lettre par continent

Cliquez ici pour prendre le quiz!

Statistiques générales

  • Ce quiz a été pris 32 520 fois
    (32 475 depuis la dernière actualisation)
  • Le résultat moyen est 48 sur 84

Statistiques - réponses

Réponse% Correct
Autriche, Albanie, Andorre, AllemagneAllemagne + 3
97%
Algérie, Angola, Afrique du SudAlgérie +2
86%
Belgique, Bosnie, Biélorussie, BulgarieBelgique +3
85%
DanemarkDanemark
80%
Arménie, Afghanistan, Azerbaïdjan, Arabie SaouditeArabie Saoudite +3
79%
AustralieAustralie
79%
Espagne, EstonieEspagne +1
79%
Canada, Costa Rica, CubaCanada +2
78%
Brésil, BolivieBrésil +1
77%
France, FinlandeFrance +1
76%
Colombie, ChiliColombie +1
74%
ArgentineArgentine
73%
Bangladesh, Bahreïn, Bhoutan, Brunei, BirmanieBangladesh +4
73%
Bénin, Burundi, Botswana, Burkina FasoBénin +3
72%
Chine, Cambodge, Chypre, Corée du Sud, Corée du NordChine +4
72%
Cameroun, Cap-Vert, Comores, Cote d'IvoireCameroun +3
71%
CroatieCroatie
71%
Italie, Islande, IrlandeItalie +2
71%
Egypte, Érythrée, Ethiopie, EswatiniEgypte +3
70%
Lettonie, Lituanie, Liechtenstein, LuxembourgLettonie +3
70%
HongrieHongrie
69%
Japon, JordanieJapon +1
67%
Inde, Indonésie, Iran, Irak, IsraëlInde +4
66%
Maroc, Madagascar, Malawi, Mali, Mauritanie, Maurice, MozambiqueMaroc +6
65%
Portugal, Pologne, Pays-BasPortugal +2
65%
Ghana, Gabon, Gambie, Guinée, Guinée-Bissau, Guinée EquatorialeGhana +5
64%
Malte, Macedoine du Nord, Moldavie, Monaco, MontenegroMalte +4
64%
Russie, Royaume-Uni, Roumanie, Rép. TchèqueRussie +2
64%
Kazakhstan, Koweït, KirghizistanKazakhstan +2
62%
Bahamas, Barbade, BelizeBahamas +2
61%
EquateurEquateur
61%
FidjiFidji
61%
Haïti, HondurasHaiti +1
61%
Saint-Marin, Serbie, Slovaquie, Slovénie, Suède, SuisseSuisse + 5
60%
Zambie, ZimbabweZambie +1
60%
GrèceGrèce
59%
KosovoKosovo
58%
Laos, LibanLaos +1
57%
Libye, Lesotho, LibériaLibye +2
57%
Perou, ParaguayPerou +1
57%
YémenYémen
57%
Etats-UnisEtats-Unis
56%
Grenade, GuatamalaGrenade +1
56%
JamaïqueJamaïque
56%
DjiboutiDjibouti
55%
Niger, Namibie, NigeriaNiger +2
55%
VaticanVatican
55%
Malaisie, Maldives, MongolieMalaisie +2
54%
Nouvelle-Zélande, NauruNouvelle-Zélande +1
54%
Oman, OuzbékistanOman +1
54%
GeorgieGeorgie
53%
KenyaKenya
53%
Rwanda, Republic du Congo, République Centrafricaine, RDCRwanda +3
53%
NorvègeNorvège
52%
Antigua-et-BarbudaAntigua-et-Barbuda
51%
GuyanaGuyana
51%
QatarQatar
51%
Sénégal, Sao Tomé, Seychelles, Sierra Leone, Somalie, Soudan, Soudan du SudSénégal +6
51%
Tunisie, Tanzanie, Togo, TchadTunisie +3
51%
UruguayUruguay
51%
Pakistan, PhilippinesPakistan +1
50%
OugandaOuganda
49%
Turquie, Taïwan, Tadjikistan, Thaïlande, Turkménistan, Timor-OrientalTurquie +5
49%
VénézuelaVénézuela
49%
MexiqueMexique
47%
UkraineUkraine
47%
DominiqueDominique
45%
NépalNépal
45%
Papouasie-Nouvelle-Guinée, PalauPapouasie-
Nouvelle-Guinée +1
45%
NicaraguaNicaragua
44%
KiribatiKiribati
43%
Singapour, Sri Lanka, SyrieSingapour +2
43%
SurinameSuriname
41%
VietnamVietnam
41%
Emirats Arabes UnisEmirats Arabes Unis
39%
Tonga, TuvaluTonga +1
39%
Salvador, Sainte-Lucie, Saint-Kitts-et-Nevis, Saint-Vincent-et-les-GrenadinesSalvador +2
38%
VanuatuVanuatu
38%
PanamaPanama
37%
Iles Marshall, Iles SalomonIles Marshall +1
36%
Micronésie,Micronésie
34%
SamoaSamoa
31%
Trinité-et-TobagoTrinité-et-Tobago
28%
République DominicaineRépublique Dominicaine
27%

Distribution des résultats

Percentile par nombre de réponses

% des personnes avec chaque résultat

Votre développement - résultats

Vous n’avez pas pris ce quiz depuis la dernière actualisation